The overcoming life / (Record no. 832)
[ view plain ]
| 000 -LEADER | |
|---|---|
| fixed length control field | 01176cam a2200313Ia 4500 |
| 001 - CONTROL NUMBER | |
| control field | 31774404 |
| 003 - CONTROL NUMBER IDENTIFIER | |
| control field | OCoLC |
| 005 - DATE AND TIME OF LATEST TRANSACTION | |
| control field | 20180824200323.0 |
| 008 - FIXED-LENGTH DATA ELEMENTS--GENERAL INFORMATION | |
| fixed length control field | 950106r19941896ilu 000 0 eng d |
| 020 ## - INTERNATIONAL STANDARD BOOK NUMBER | |
| International Standard Book Number | 0802405479 |
| 020 ## - INTERNATIONAL STANDARD BOOK NUMBER | |
| International Standard Book Number | 9780802405470 |
| 035 ## - SYSTEM CONTROL NUMBER | |
| System control number | (OCoLC)31774404 |
| 040 ## - CATALOGING SOURCE | |
| Original cataloging agency | JBT |
| Language of cataloging | eng |
| Transcribing agency | JBT |
| Modifying agency | OCLCQ |
| -- | BAKER |
| -- | OCLCG |
| -- | YDXCP |
| -- | OCLCF |
| -- | CFT |
| -- | OCLCQ |
| -- | MXL |
| -- | ATH |
| 050 #4 - LIBRARY OF CONGRESS CALL NUMBER | |
| Classification number | BV3797.M7 |
| Item number | O847 1994 |
| 082 ## - DEWEY DECIMAL CLASSIFICATION NUMBER | |
| Classification number | 248.09 |
| Item number | M817T |
| 100 1# - MAIN ENTRY--PERSONAL NAME | |
| Personal name | Moody, Dwight Lyman, |
| Dates associated with a name | 1837-1899. |
| 245 14 - TITLE STATEMENT | |
| Title | The overcoming life / |
| Statement of responsibility, etc. | by D.L. Moody. |
| 250 ## - EDITION STATEMENT | |
| Edition statement | Moody Press Centennial ed. |
| 260 ## - PUBLICATION, DISTRIBUTION, ETC. | |
| Place of publication, distribution, etc. | Chicago : |
| Name of publisher, distributor, etc. | Moody Press, |
| Date of publication, distribution, etc. | 1994, ©1896. |
| 300 ## - PHYSICAL DESCRIPTION | |
| Extent | 123, [12] pages ; |
| Dimensions | 17 cm |
| 336 ## - CONTENT TYPE | |
| Content type term | text |
| Content type code | txt |
| Source | rdacontent |
| 337 ## - MEDIA TYPE | |
| Media type term | unmediated |
| Media type code | n |
| Source | rdamedia |
| 338 ## - CARRIER TYPE | |
| Carrier type term | volume |
| Carrier type code | nc |
| Source | rdacarrier |
| 500 ## - GENERAL NOTE | |
| General note | Originally published in 1896. |
| 505 0# - FORMATTED CONTENTS NOTE | |
| Formatted contents note | 1. The overcoming life -- The Christian's warfare -- Internal foes -- External foes -- 2. Results of true repentance -- 3. True wisdom -- 4. "Come thou and all thy house into the ark" -- 5. Humility -- 6. Rest -- 7. Seven "I wills" of Christ. |
| 650 #0 - SUBJECT ADDED ENTRY--TOPICAL TERM | |
| Topical term or geographic name entry element | Evangelistic sermons. |
| 650 #0 - SUBJECT ADDED ENTRY--TOPICAL TERM | |
| Topical term or geographic name entry element | Sermons, American. |
| 942 ## - ADDED ENTRY ELEMENTS (KOHA) | |
| Source of classification or shelving scheme | Dewey Decimal Classification |
| Koha item type | Books |
| Withdrawn status | Lost status | Source of classification or shelving scheme | Damaged status | Not for loan | Collection code | Home library | Current library | Shelving location | Date acquired | Total Checkouts | Full call number | Barcode | Date last seen | Price effective from | Koha item type |
|---|---|---|---|---|---|---|---|---|---|---|---|---|---|---|---|
| Dewey Decimal Classification | Non-fiction | Harvest Mission College | Harvest Mission College | General Stacks | 24.08.2018 | 248.09 M817T | 003071 | 24.08.2018 | 24.08.2018 | Books |
